| 000 | 01059nam a2200277 a 4500 | ||
|---|---|---|---|
| 008 | |||
| 020 | _a0471974501 (hbk.) | ||
| 049 | _aMAIN | ||
| 090 |
_aTA410 _bSIN |
||
| 100 | 1 | _aSinger, J. | |
| 245 | 1 | 0 |
_aBuckling experiments : _bexperimental methods in buckling of thin-walled structures _nvol. 2- shells, built up structures, composites and additional topics / _cJ. Singer, J. Arbocz, T. Weller. |
| 260 |
_aNew York : _bWiley, _cc2002. |
||
| 300 |
_axx, 623-1732 p. : _bill. ; _c26 cm. |
||
| 504 | _aIncludes bibliographical references. | ||
| 500 | _aIncludes index. | ||
| 505 | 1 | _av. 2. Shells, built-up structures, composites and additional topics. | |
| 650 | 0 |
_aBuckling (Mechanics) _xExperiments. |
|
| 700 | 1 | _aArbocz, Johann. | |
| 700 | 1 | _aWeller, T. | |
| 740 |
_aShells, built-up structures, composites and additional topics : _nBuckling experiments, Volume 2. |
||
| 907 |
_a.b1012682x _b22-05-13 _c15-06-04 |
||
| 003 | |||
| 005 | 20230123133738.0 | ||
| 040 | _cNUST | ||
| 942 |
_cBOOKS _kTA410 _mSIN |
||
| 999 |
_c153925 _d153925 |
||